MARC-Details
| 000 -LEADER |
| fixed length control field |
02932nam a2200721 cc4500 |
| 001 - CONTROL NUMBER |
| control field |
1325610194 |
| 003 - CONTROL NUMBER IDENTIFIER |
| control field |
DE-101 |
| 005 - DATE AND TIME OF LATEST TRANSACTION |
| control field |
20251007124116.0 |
| 007 - PHYSICAL DESCRIPTION FIXED FIELD--GENERAL INFORMATION |
| fixed length control field |
tu |
| 008 - FIXED-LENGTH DATA ELEMENTS--GENERAL INFORMATION |
| fixed length control field |
240409s2025 gw ||||| |||| 00||||ger |
| 015 ## - NATIONAL BIBLIOGRAPHY NUMBER |
| National bibliography number |
24,N16 |
| Source |
dnb |
| 016 7# - NATIONAL BIBLIOGRAPHIC AGENCY CONTROL NUMBER |
| Source |
DE-101 |
| Record control number |
1325610194 |
| 020 ## - INTERNATIONAL STANDARD BOOK NUMBER |
| International Standard Book Number |
9783551804075 |
| Terms of availability |
Broschur : EUR 8.00 (DE), EUR 8.30 (AT), CHF 11.90 (freier Preis) |
| 020 ## - INTERNATIONAL STANDARD BOOK NUMBER |
| International Standard Book Number |
3551804079 |
| 024 3# - OTHER STANDARD IDENTIFIER |
| Standard number or code |
9783551804075 |
| 035 ## - SYSTEM CONTROL NUMBER |
| System control number |
(DE-599)DNB1325610194 |
| 035 ## - SYSTEM CONTROL NUMBER |
| System control number |
(OCoLC)1430353119 |
| 040 ## - CATALOGING SOURCE |
| Original cataloging agency |
1245 |
| Language of cataloging |
ger |
| Transcribing agency |
DE-101 |
| Modifying agency |
9999 |
| Description conventions |
rda |
| 041 ## - LANGUAGE CODE |
| Language code of text/sound track or separate title |
ger |
| Language code of original |
jpn |
| 044 ## - COUNTRY OF PUBLISHING/PRODUCING ENTITY CODE |
| ISO country code |
XA-DE-HH |
| 082 74 - DEWEY DECIMAL CLASSIFICATION NUMBER |
| Classification number |
741.5 |
| Assigning agency |
DE-101 |
| Edition number |
23sdnb |
| 100 1# - MAIN ENTRY--PERSONAL NAME |
| Authority record control number or standard number |
(DE-588)1301165735 |
| -- |
https://d-nb.info/gnd/1301165735 |
| -- |
(DE-101)1301165735 |
| Personal name |
Yuno, Ichika |
| Relator term |
Verfasser |
| Relationship |
aut |
| Source of heading or term |
gnd |
| 245 10 - TITLE STATEMENT |
| Title |
Lullaby of the dawn |
| Number of part/section of a work |
5 |
| Statement of responsibility, etc. |
Ichika Yuno ; aus dem Japanischen von Anne Klink |
| 250 ## - EDITION STATEMENT |
| Edition statement |
1. Aufl. |
| 264 31 - PRODUCTION, PUBLICATION, DISTRIBUTION, MANUFACTURE, AND COPYRIGHT NOTICE |
| Place of production, publication, distribution, manufacture |
Hamburg |
| Name of producer, publisher, distributor, manufacturer |
HAYABUSA |
| Date of production, publication, distribution, manufacture, or copyright notice |
2025 |
| 300 ## - PHYSICAL DESCRIPTION |
| Extent |
186 Seiten |
| Dimensions |
163 g |
| 336 ## - CONTENT TYPE |
| Content type term |
Text |
| Content type code |
txt |
| Source |
rdacontent |
| 336 ## - CONTENT TYPE |
| Content type term |
unbewegtes Bild |
| Content type code |
sti |
| Source |
rdacontent |
| 337 ## - MEDIA TYPE |
| Media type term |
ohne Hilfsmittel zu benutzen |
| Media type code |
n |
| Source |
rdamedia |
| 338 ## - CARRIER TYPE |
| Carrier type term |
Band |
| Carrier type code |
nc |
| Source |
rdacarrier |
| 653 ## - INDEX TERM--UNCONTROLLED |
| Uncontrolled term |
(Produktform)Paperback / softback |
| 653 ## - INDEX TERM--UNCONTROLLED |
| Uncontrolled term |
(Zielgruppe)ab 18 bis 99 Jahre |
| 653 ## - INDEX TERM--UNCONTROLLED |
| Uncontrolled term |
(BISAC Subject Heading)CGN004210 |
| 653 ## - INDEX TERM--UNCONTROLLED |
| Uncontrolled term |
(Produktform (spezifisch))Paperback (DE) |
| 653 ## - INDEX TERM--UNCONTROLLED |
| Uncontrolled term |
(Produktform (spezifisch))Unflipped manga format |
| 653 ## - INDEX TERM--UNCONTROLLED |
| Uncontrolled term |
(BISAC Subject Heading)CGN004030: COMICS & GRAPHIC NOVELS / Fantasy |
| 653 ## - INDEX TERM--UNCONTROLLED |
| Uncontrolled term |
(BISAC Subject Heading)CGN004300: COMICS & GRAPHIC NOVELS / Manga / Isekai |
| 653 ## - INDEX TERM--UNCONTROLLED |
| Uncontrolled term |
yaoi mange deutsch |
| 653 ## - INDEX TERM--UNCONTROLLED |
| Uncontrolled term |
yaoi manga deutsch 16 |
| 653 ## - INDEX TERM--UNCONTROLLED |
| Uncontrolled term |
hayabusa manga yaoi |
| 653 ## - INDEX TERM--UNCONTROLLED |
| Uncontrolled term |
SNS Card |
| 653 ## - INDEX TERM--UNCONTROLLED |
| Uncontrolled term |
boys love |
| 653 ## - INDEX TERM--UNCONTROLLED |
| Uncontrolled term |
boys love serie |
| 653 ## - INDEX TERM--UNCONTROLLED |
| Uncontrolled term |
boys love fantasy |
| 653 ## - INDEX TERM--UNCONTROLLED |
| Uncontrolled term |
Fantasy Manga |
| 653 ## - INDEX TERM--UNCONTROLLED |
| Uncontrolled term |
manga buch |
| 653 ## - INDEX TERM--UNCONTROLLED |
| Uncontrolled term |
Manga ab 16 |
| 653 ## - INDEX TERM--UNCONTROLLED |
| Uncontrolled term |
Manga für Frauen |
| 653 ## - INDEX TERM--UNCONTROLLED |
| Uncontrolled term |
Manga Romance Yaoi |
| 653 ## - INDEX TERM--UNCONTROLLED |
| Uncontrolled term |
BL Manga |
| 653 ## - INDEX TERM--UNCONTROLLED |
| Uncontrolled term |
Schwule Manga |
| 653 ## - INDEX TERM--UNCONTROLLED |
| Uncontrolled term |
japanische leserichtung |
| 653 ## - INDEX TERM--UNCONTROLLED |
| Uncontrolled term |
(BISAC Subject Heading)CGN004210: COMICS & GRAPHIC NOVELS / Manga / Yaoi |
| 653 ## - INDEX TERM--UNCONTROLLED |
| Uncontrolled term |
(VLB-WN)1182: Hardcover, Softcover / Belletristik/Comic, Cartoon, Humor, Satire/Manga, Manhwa |
| 653 ## - INDEX TERM--UNCONTROLLED |
| Uncontrolled term |
(BISAC Subject Heading)CGN004030 |
| 655 #7 - INDEX TERM--GENRE/FORM |
| Authority record control number or standard number |
(DE-588)4010427-8 |
| -- |
https://d-nb.info/gnd/4010427-8 |
| -- |
(DE-101)040104273 |
| Genre/form data or focus term |
Comic |
| Source of term |
gnd-content |
| 773 08 - HOST ITEM ENTRY |
| Enumeration and first page |
15 |
| Record control number |
(DE-101)1301165840 |
| 776 08 - ADDITIONAL PHYSICAL FORM ENTRY |
| Relationship information |
Erscheint auch als |
| Note |
Online-Ausgabe |
| Main entry heading |
Yuno, Ichika |
| Title |
Lullaby of the Dawn 5 |
| Place, publisher, and date of publication |
Hamburg : Hayabusa, 2025 |
| Physical description |
Online-Ressource, 194 Seiten, Mit Schwarz-Weiß-Zeichnungen |
| Record control number |
(DE-101)1357987382 |
| Edition |
1. Auflage |
| 856 42 - ELECTRONIC LOCATION AND ACCESS |
| Contact for access assistance |
X:MVB |
| Electronic format type |
text/html |
| Uniform Resource Identifier |
<a href="http://deposit.dnb.de/cgi-bin/dokserv?id=9ef9af23116c4357904b28896c879ae7&prov=M&dok_var=1&dok_ext=htm">http://deposit.dnb.de/cgi-bin/dokserv?id=9ef9af23116c4357904b28896c879ae7&prov=M&dok_var=1&dok_ext=htm</a> |
| Materials specified |
Inhaltstext |
| 856 42 - ELECTRONIC LOCATION AND ACCESS |
| Contact for access assistance |
B:DE-101 |
| Electronic format type |
application/pdf |
| Uniform Resource Identifier |
<a href="https://d-nb.info/1325610194/04">https://d-nb.info/1325610194/04</a> |
| Materials specified |
Inhaltsverzeichnis |
| 942 ## - ADDED ENTRY ELEMENTS (KOHA) |
| Source of classification or shelving scheme |
Dewey Decimal Classification |
| Koha item type |
Manga |
| Suppress in OPAC |
No |